000 00717cam a2200265 i 4500
942 _cBK
999 _c463
_d463
001 19247512
003 OSt
005 20250420134811.0
008 160825s2017 enk 000 0 eng
010 _a 2016038671
020 _a9781138673571
040 _aDLC
_beng
_cKCST
042 _apcc
050 0 0 _aTA330
_b.B52 2017
082 0 0 _a620.00151
_223
_bBi Hi
100 1 _aBird, J. O.,
_eauthor.
_94599
245 1 0 _aHigher engineering mathematics /
_cJohn Bird.
250 _aEighth edition.
260 _aNew York :
_bRoutledge, Taylor & Francis Group,
_c2017.
300 _axviii, 905 pages ;
_c28 cm
500 _aIncludes index.
650 0 _aEngineering mathematics.
_94600
942 _2ddc